[Event "Heraklion SOI op 4th"]
[Site "Heraklion"]
[Date "2012.01.04"]
[Round "3"]
[White "Kritsotalakis, Stelios"]
[Black "Skandalis, Evaggelos"]
[Result "1-0"]
[WhiteElo "1600"]
[BlackElo "1175"]
[PlyCount "31"]
[EventDate "2012.01.04"]
[EventType "swiss"]
[EventRounds "7"]
[EventCountry "GRE"]
[SourceTitle "EXT 2024"]
[Source "ChessBase"]
[SourceDate "2023.10.10"]
[SourceVersion "1"]
[SourceVersionDate "2023.10.10"]
[SourceQuality "1"]

1. e4 e6 2. Nc3 d5 3. d4 Bb4 4. exd5 exd5 5. Bd3 Nd7 6. Bd2 Ngf6 7. Nb5 Bxd2+ 8. Qxd2 a6 9. Qe3+ Qe7 10. Nxc7+ Kd8 11. Qxe7+ Kxe7 12. Nxa8 b5 13. a4 Bb7 14. Nc7 Kd6 15. axb5 axb5 16. Nxb5+ 1-0